000 00809nas a2200289 4500
001 BR2013001704
003 BR-BrBNA
005 20231205121956.0
007 ta
008 230509b bl.|||p| |||| 00| 00por d
040 _aBR-BrBNA
_bpor
_cBiblioteca Nacional de Agricultura
041 _a(Pt)
072 _aJ10
100 1 _aSilva, F.F.S. da
100 1 _aDantas, B.F.
245 1 _aColeta e beneficiamento de sementes da caatinga
650 _aCAATINGA
650 _aCOLHEITA
650 _aSEMENTE
650 _aDISPERSÃO DE SEMENTE
650 _aBENEFICIAMENTO
650 _aSECAGEM
650 _aARMAZENAMENTO
773 0 _tInformativo ABRATES (Brazil)
_xISSN 0103-667X
_g(Dec 2012), v. 22(3) p. 16-19
_wBR2013001704
909 _a202311
_bLúcia
_c55
_dLúcia Elande
942 _2AGRIS
_n0
_cANA
999 _c226235
_d226235